• 首页
  • 本馆介绍
  • 公告通知
  • 最新文献
  • 馆藏检索
  • 电子资源
  • 读者导购
  • 参考咨询
  • 我的图书馆
  • 登录
  • 详细信息显示
  • 放入我的书架
  • 预约/预借图书
  • 作者相关作品
  • 分类相关作品
  • 丛书相关作品
  • 出版社相关作品

书目信息

  • 表格格式
  • 工作单格式
  • 卡片格式
题名:
基础教育教学基本功
    
 
作者: 于文兰 主编
分册:   小学数学卷
出版信息: 北京   首都师范大学出版社  2012
页数: 230页
开本: 21cm
丛书名:
单 册:
中图分类: G623.502 , G632.4
科图分类: 38.73 , 38.6351
主题词: 基础教育--教学法 , 数学课--教学法
电子资源:
ISBN: 978-7-81039-754-4
000 00861nam 2200277 45
001 012001004887
005 20121205142437.0
010    @a978-7-81039-754-4@dCNY32.00
099    @aCAL 012001283486
100    @a19970717d1997 em y0chiy0120 ea
101 0  @achi
102    @aCN@b110000
105    @aak z 000yy
106    @ar
200 1  @a基础教育教学基本功@Aji chu jiao yu xian dai hua jiao xue ji ben gong@i小学数学卷@f于文兰主编@FYu Wen Lan Zhu Bian@PYWLZB
210    @a北京@c首都师范大学出版社@d2012
215    @a230页@c图@d21cm
606 0  @a基础教育@x教学法
606 0  @a数学课@x教学法
690    @aG623.502@v3
690    @aG632.4@v3
692    @a38.73@v3
692    @a38.6351@v3
701  0 @a于文兰@AYu Wenlan@c(数学)@4主编@3CAL n2004007882#@7jt0yjt0y@7ec0yec0y
801  2 @aCN@b江苏凤凰@c20191020
905    @b1224173-6@dG623.502@e961@f4
    
    基础教育教学基本功.小学数学卷/于文兰主编.-北京:首都师范大学出版社,2012
    230页:图;21cm
    
    
    ISBN 978-7-81039-754-4:CNY32.00
    
●
相关链接 在E读中查询图书 在五车中查询图书 在当当中查询图书 在豆瓣中查询图书


正题名:基础教育教学基本功     索取号:G623.502/961         预约/预借

序号 登录号 条形码 馆藏地/架位号 状态 备注
1 1224173   212241732   第一样本阅览室/ [索取号:G623.502/961] 在馆    
2 1224174   212241741   教育系资料室/ [索取号:G623.502/961] 在馆    
3 1224175   212241750   教育系资料室/ [索取号:G623.502/961] 在馆    
4 1224176   212241769   第四借阅区/ [索取号:G623.502/961] 在馆    
唐山师范学院图书馆 欢迎您!
大连网信软件有限公司© 版权所有